000 01125nab a22002177a 4500
999 _c5791
_d5791
003 OSt
005 20260106192550.0
008 190514b xxu||||| |||| 00| 0 spa d
040 _cPJ
100 _96699
_aPetrina, María Anahí
245 1 0 _aCompetencia en los procesos de familia :
_bentre el principio perpetuatio juridisdictionis y los principios de inmediación y de tutela judicial efectiva /
_cMaría Anahí Petrina.
300 _ap. 24-29
505 _aSumario: I. Introducción.— II. La competencia en el Cód. Civ. y Com.— III. El principio perpetuatio jurisdictionis.— IV. El principio de inmediación y el centro de vida.— V. Un reciente fallo de la Corte Suprema de Justicia de la Nación.— VI. Conclusión.
505 _tSi te interesa el texto, comunicate a koha@justierradelfuego.gov.ar
650 0 _9967
_aDERECHO DE FAMILIA
650 0 _aPROCESOS DE FAMILIA
_93874
650 0 _aTUTELA JUDICIAL EFECTIVA
_93637
650 0 _aCOMPETENCIA DE FAMILIA
_96697
773 0 _02844
_93222
_dBuenos Aires : AbeledoPerrot, 1989-
_tDerecho de familia. N° 116 - Septiembre 2024
_z18511201
942 _2udc
_cANA